[Event "AUTO-INT-2231"]
[Site "http://www.queenalice.com/game.php?id=1022488"]
[Date "2012.1.31"]
[Round "1"]
[White "geraldo"]
[Black "vitinha"]
[Result "0-1"]
[WhiteElo "1484"]
[BlackElo "1569"]

1. e4 d5 2. exd5 Qxd5 3. Nc3 Qe5+ 4. Be2 Nc6 5. Nf3 Qf5 6. d4 Nb4 7. Bd3 Nxd3+
8. cxd3 e6 9. O-O f6 10. Nb5 Qxb5 11. a4 Qb4 12. Qc2 Bd6 13. Bd2 Qb6 14. Be3 Qa5
15. b3 g5 16. h3 Bd7 17. Bd2 Qd5 18. b4 a6 19. a5 Ne7 20. Be3 Nf5 21. Rfe1 Bxb4
22. Rf1 Bxa5 23. Bd2 Bxd2 24. Qxd2 Nxd4 25. Nxd4 Qxd4 26. Qc2 O-O-O 27. Rac1 c6
28. Rb1 b5 29. Qa2 Kb7 30. Ra1 Ra8 31. Rab1 h5 32. Qa3 g4 33. Rb4 Qc5 34. d4 Qb6
35. Rbb1 gxh3 36. Qxh3 f5 37. Qh4 Qc7 38. g3 Rag8 39. Kh1 Rg4 40. Qe7 h4 41. Qf6
Rh7 42. Rb3 hxg3+ 43. Kg2 gxf2+ 44. Kxf2 Qf4+ 45. Rf3 Rh2+ 46. Ke1 Qc1# 0-1

[Event "AUTO-INT-2231"]
[Site "http://www.queenalice.com/game.php?id=1022489"]
[Date "2012.1.31"]
[Round "1"]
[White "vitinha"]
[Black "geraldo"]
[Result "1-0"]
[WhiteElo "1591"]
[BlackElo "1471"]

1. e4 e5 2. d4 Bd6 3. Nf3 exd4 4. Qxd4 Nf6 5. e5 Nc6 6. Qe3 Nd5 7. Qe4 Qe7 8.
Qxd5 Bxe5 9. Nxe5 Nxe5 10. Be2 c6 11. Qd4 d6 12. Nc3 O-O 13. O-O Bf5 14. Ne4 c5
15. Qxd6 Qe8 16. Qxc5 Bxe4 17. Bf4 Nd7 18. Qb4 Qe6 19. Bd3 Bd5 20. c4 Bc6 21.
Rae1 Qf6 22. g3 a5 23. Qd6 Qxb2 24. Re2 Qc3 25. Rc1 Qf6 26. Be4 Qxd6 27. Bxd6
Rfe8 28. Rce1 Bxe4 29. Rxe4 Rxe4 30. Rxe4 Nf6 31. Re1 Rd8 32. Bc7 Rc8 33. Bxa5
h6 34. Rc1 Ne4 35. Bb4 Ra8 36. a3 Ng5 37. c5 Nf3+ 38. Kg2 Nd4 39. h4 Rc8 40. f4
Re8 41. Kh3 Re3 42. Rc3 Re1 43. Rd3 Nf5 44. Bxe1 f6 45. Rd7 g5 46. hxg5 fxg5 47.
fxg5 hxg5 48. Rxb7 Nd4 49. Kg4 Nc2 50. c6 Nxa3 51. c7 Kg7 52. c8=Q+ Kg6 53. Qe6#
1-0

[Event "Matrix 4"]
[Site "http://www.queenalice.com/game.php?id=1029934"]
[Date "2012.2.15"]
[Round "1"]
[White "geraldo"]
[Black "spaghettiman"]
[Result "1-0"]
[WhiteElo "1478"]
[BlackElo "1593"]

1. e4 e6 2. Nf3 f5 3. d3 Nf6 4. Bg5 d5 5. e5 Be7 6. exf6 Bxf6 7. Bxf6 Qxf6 8. c3
O-O 9. d4 Nc6 10. Bb5 e5 11. Bxc6 Qxc6 12. Nxe5 Re8 13. Qh5 Re7 14. O-O Qb6 15.
Nd2 Qxb2 16. Nd7 Bxd7 17. Qg5 Rae8 18. Nf3 Qxc3 19. h3 c5 20. Rac1 Qd3 21. Rxc5
Bb5 22. Rfc1 Re1+ 23. Nxe1 Qf1+ 24. Kh2 Qe2 25. Rc8 Bd7 26. Rxe8+ Qxe8 27. Nf3
h6 28. Qg3 Qf7 29. Ne5 Qe6 30. Rc7 Qf6 31. Nxd7 Qxd4 32. Rc8+ Kf7 33. Rf8+ Ke7
34. Qc7 Ke6 35. Re8+ Kf7 36. Ne5+ Kxe8 37. Qf7+ Kd8 38. Qd7# 1-0

[Event "AUTO-OPEN-2689"]
[Site "http://www.queenalice.com/game.php?id=1061159"]
[Date "2012.5.18"]
[Round "1"]
[White "Nacional_kid"]
[Black "geraldo"]
[Result "1-0"]
[WhiteElo "1722"]
[BlackElo "1523"]

1. e4 e5 2. Bc4 Nf6 3. d3 Nc6 4. c3 Bd6 5. b4 a6 6. Nf3 b5 7. Bb3 O-O 8. h3 h6
9. Be3 Qe7 10. d4 exd4 11. Nxd4 Nxd4 12. Qxd4 Nxe4 13. Nd2 Nxd2 14. Qxd2 Bb7 15.
O-O Qe4 16. f3 Qe5 17. f4 Qe4 18. Bc2 Qc6 19. Rf2 Be7 20. Rd1 d6 21. Bd3 Bh4 22.
Re2 d5 23. Bc5 Rfe8 24. Kh2 Rxe2 25. Bxe2 d4 26. Bf3 Qg6 27. Bxb7 Re8 28. g4
dxc3 29. Qxc3 h5 30. f5 Qg5 31. Qf3 hxg4 32. hxg4 Qh6 33. Bc6 Re1 34. Rxe1 Bxe1+
35. Kg2 Qd2+ 36. Kf1 Qc1 37. Be3 Bd2+ 38. Ke2 Qe1+ 39. Kd3 Bxb4 40. Ke4 Qc3 41.
Kf4 Bd6+ 42. Kg5 Be7+ 43. Kh5 g6+ 44. fxg6 fxg6+ 45. Kxg6 Qg7+ 46. Kf5 Qf7+ 47.
Ke4 Qe6+ 48. Kd3 Qc4+ 49. Kd2 Qxa2+ 50. Kd1 Qb3+ 51. Ke2 Qb2+ 52. Bd2 Bb4 53.
Bd5+ Kg7 54. Qf7+ Kh8 55. Qg8# 1-0

[Event "AUTO-OPEN-2689"]
[Site "http://www.queenalice.com/game.php?id=1061160"]
[Date "2012.5.18"]
[Round "1"]
[White "geraldo"]
[Black "Nacional_kid"]
[Result "1-0"]
[WhiteElo "1445"]
[BlackElo "1760"]

1. e4 e5 2. Nf3 Qf6 3. d4 exd4 4. Nxd4 c5 5. Nb5 Qb6 6. Bf4 Na6 7. Nd6+ Bxd6 8.
Bxd6 Qxb2 9. Nd2 Qd4 10. Bg3 Nf6 11. Bc4 Nxe4 12. O-O Nxd2 13. Re1+ Kd8 14. Bxf7
d5 15. Qe2 Bg4 16. Qb5 Bc8 17. Re8+ Rxe8 18. Qxe8# 1-0

[Event "AUTO-OPEN-2689"]
[Site "http://www.queenalice.com/game.php?id=1061179"]
[Date "2012.5.18"]
[Round "1"]
[White "geraldo"]
[Black "favazza2007"]
[Result "0-1"]
[WhiteElo "1480"]
[BlackElo "1876"]

1. e4 d5 2. Bd3 d4 3. c3 dxc3 4. bxc3 Qxd3 5. Qe2 Qxe2+ 6. Nxe2 Nf6 7. d3 e5 8.
Bg5 Be7 9. O-O h6 10. Bxf6 Bxf6 11. Na3 Be6 12. Nb5 Na6 13. c4 O-O-O 14. Nxa7+
Kb8 15. Nb5 Rxd3 16. Nc1 Bxc4 17. Nxd3 Bxd3 18. Rfd1 Bxb5 19. a4 Bc6 20. f3 Rd8
21. Rxd8+ Bxd8 22. Rd1 Kc8 23. a5 Bg5 24. g3 Be3+ 25. Kg2 Bb5 26. g4 Nb4 27. Rb1
c5 28. h4 Kc7 29. Re1 Bd4 30. Kg3 Nc6 31. f4 exf4+ 32. Kxf4 Nxa5 33. g5 hxg5+
34. hxg5 Nc6 35. Rh1 Be5+ 36. Ke3 Ne7 37. Rc1 b6 38. Rb1 Bd4+ 39. Kf4 Ng6+ 40.
Kf5 Bd7# 0-1

[Event "AUTO-OPEN-2689"]
[Site "http://www.queenalice.com/game.php?id=1061180"]
[Date "2012.5.18"]
[Round "1"]
[White "favazza2007"]
[Black "geraldo"]
[Result "1-0"]
[WhiteElo "1807"]
[BlackElo "1515"]

1. c4 e5 2. Nc3 Nf6 3. d3 d5 4. cxd5 Nxd5 5. Nxd5 Qxd5 6. e4 Qd4 7. Nf3 Qc5 8.
Be3 Qb4+ 9. Qd2 Qa4 10. Ke2 Bb4 11. Qd1 Qb5 12. a3 Ba5 13. Qc2 O-O 14. b4 Bb6
15. Bxb6 Qxb6 16. Nxe5 Qf6 17. Qb2 Re8 18. d4 c6 19. f3 b6 20. Kf2 Nd7 21. Ng4
Qe6 22. Qa2 Qe7 23. Bc4 Rf8 24. Rhc1 b5 25. Bb3 Nf6 26. Nxf6+ Qxf6 27. d5 cxd5
28. Bxd5 Rb8 29. a4 bxa4 30. Qxa4 a6 31. Ra2 Qd4+ 32. Kg3 Rxb4 33. Qc6 Bb7 34.
Qc5 Bxd5 35. Qxd5 Qf6 36. Rc6 Qe7 37. Rcxa6 Rbb8 38. Ra7 Qf6 39. R7a6 Qe7 40.
Ra8 Rbd8 41. Rxd8 Rxd8 42. Ra8 Re8 43. Rxe8+ Qxe8 44. Kf4 h6 45. e5 Kh8 46. g4
Qa4+ 47. Kg3 Qe8 48. f4 g6 49. h4 Kh7 50. f5 gxf5 51. gxf5 Qg8+ 52. Kf4 h5 53.
Qf3 Kh6 54. Qg3 Kh7 55. Qxg8+ Kxg8 56. Kg5 Kg7 57. Kxh5 f6 58. e6 Kf8 59. Kg6
Ke7 60. Kg7 Ke8 61. h5 Ke7 62. h6 Kd6 63. Kxf6 Kd5 64. e7 Ke4 65. e8=Q+ Kf4 66.
Qe5+ Kg4 67. h7 Kh5 68. h8=Q+ Kg4 69. Qg7+ Kf3 70. Qgg3# 1-0

[Event "AUTO-INT-2326"]
[Site "http://www.queenalice.com/game.php?id=1061276"]
[Date "2012.5.18"]
[Round "1"]
[White "Gera10"]
[Black "geraldo"]
[Result "1-0"]
[WhiteElo "1692"]
[BlackElo "1460"]

1. e4 e5 2. Nf3 Nc6 3. Nc3 Nf6 4. d4 d6 5. d5 Nd4 6. Nxd4 exd4 7. Qxd4 c5 8.
Qa4+ Bd7 9. Qc4 b5 10. Qb3 a5 11. a4 c4 12. Qa2 Qb6 13. Be2 Bg4 14. Bxg4 Nxg4
15. O-O Be7 16. axb5 O-O 17. Qxc4 1-0

[Event "AUTO-INT-2326"]
[Site "http://www.queenalice.com/game.php?id=1061277"]
[Date "2012.5.18"]
[Round "1"]
[White "geraldo"]
[Black "Gera10"]
[Result "0-1"]
[WhiteElo "1467"]
[BlackElo "1685"]

1. e4 e5 2. Nf3 d6 3. Nc3 Nf6 4. d4 Nc6 5. Bc4 Bg4 6. d5 Nd4 7. Be2 a6 8. O-O
Nxf3+ 9. Bxf3 Bxf3 10. Qxf3 c6 11. dxc6 bxc6 12. Bg5 Be7 13. Bxf6 Bxf6 14. a4
O-O 15. b3 Qa5 0-1

[Event "AUTO-INT-2326"]
[Site "http://www.queenalice.com/game.php?id=1061290"]
[Date "2012.5.18"]
[Round "1"]
[White "carito30236"]
[Black "geraldo"]
[Result "0-1"]
[WhiteElo "1784"]
[BlackElo "1451"]

1. d4 d5 2. e3 Nc6 3. Bd3 e5 4. f3 Nf6 5. Ne2 Bd6 6. c3 O-O 7. e4 a6 8. Be3 dxe4
9. Bxe4 Nxe4 10. fxe4 Qf6 11. d5 Na5 12. Nd2 b5 13. Rf1 Qh4+ 14. Rf2 Qxh2 15.
Nf3 Qh1+ 16. Neg1 Bg4 17. Qe2 Nc4 18. O-O-O Qh5 19. a4 Qg6 20. b3 Ba3+ 21. Kb1
Qxe4+ 22. Ka2 Nxe3 23. Qd3 Nxd1 24. Qxe4 Nxf2 25. Qxe5 Nd3 26. Qd4 bxa4 27. Qxg4
Bd6 28. b4 c5 29. bxc5 Bxc5 30. Ne2 Rab8 31. Qxa4 Rfe8 32. Qd1 Nb2 33. Qc2 Nc4
34. Qd3 Rb2+ 35. Ka1 Reb8 36. Qxc4 Rb1+ 37. Ka2 R8b2# 0-1

[Event "AUTO-INT-2326"]
[Site "http://www.queenalice.com/game.php?id=1061291"]
[Date "2012.5.18"]
[Round "1"]
[White "geraldo"]
[Black "carito30236"]
[Result "1-0"]
[WhiteElo "1497"]
[BlackElo "1758"]

1. e4 e5 2. Nf3 d6 3. Nc3 Nd7 4. b4 Ngf6 5. Bc4 a6 6. Ng5 d5 7. exd5 Nb6 8. Bb3
Bxb4 9. d6 Be6 10. dxc7 Qd7 11. Qf3 Bxc3 12. Qxc3 Bxb3 13. axb3 Ng4 14. Ba3 Rc8
15. Ne4 Rxc7 16. Qb4 Nd5 17. Qa5 h6 18. O-O f5 19. Nd6+ Kd8 20. c4 Nf4 21. h3
Nf6 22. c5 g6 23. b4 Ne4 24. Nxb7+ Ke7 25. c6 Qc8 26. b5+ Kf6 27. Qxa6 h5 28.
Qa4 Nd5 29. d3 Nec3 30. Qc4 Ne2+ 31. Kh1 Ndf4 32. Nd6 Qe6 33. Qa4 Nd5 34. Qc2
Nec3 35. b6 Rxc6 36. b7 Rb6 37. Bc5 Rxd6 38. Bxd6 Kg7 39. Ra8 Qxd6 40. Qb3 Rb8
41. Rxb8 Qxb8 42. Ra1 Nc7 43. Qxc3 Qxb7 44. Qxe5+ Kh6 45. Qf4+ Kg7 46. Rc1 Nd5
47. Qe5+ Kh6 48. Rc5 Qb1+ 49. Kh2 Nb4 50. h4 Nxd3 51. Qh8# 1-0

[Event "AUTO-INT-2326"]
[Site "http://www.queenalice.com/game.php?id=1061300"]
[Date "2012.5.18"]
[Round "1"]
[White "geraldo"]
[Black "kpfingaz"]
[Result "0-1"]
[WhiteElo "1451"]
[BlackElo "1707"]

1. e4 Nc6 2. d4 e5 3. d5 Nce7 4. Nf3 d6 5. Bd3 Ng6 6. c4 Bg4 7. Be2 Bd7 8. b4
Be7 9. Nc3 a6 10. O-O Nh4 11. Qd3 h6 12. a4 Bg5 13. Bxg5 hxg5 14. h3 g4 15. hxg4
Bxg4 16. Nxh4 Qxh4 17. Bxg4 Qh1# 0-1

[Event "AUTO-INT-2326"]
[Site "http://www.queenalice.com/game.php?id=1061301"]
[Date "2012.5.18"]
[Round "1"]
[White "kpfingaz"]
[Black "geraldo"]
[Result "1-0"]
[WhiteElo "1710"]
[BlackElo "1474"]

1. e4 e5 2. Qf3 Nf6 3. Nc3 Nc6 4. Bc4 Nd4 5. Qd3 Bc5 6. h3 a6 7. Nge2 Nxe2 8.
Nxe2 Ng8 9. Qf3 Nf6 10. Nc3 b5 11. Bd5 c6 12. Bb3 a5 13. a4 O-O 14. axb5 cxb5
15. Nxb5 Qb6 16. Nc3 Ba6 17. Na4 Qb5 18. d3 h6 19. Qg3 Nxe4 20. Qf3 Nxf2 21.
Nxc5 Nxh1 22. Nxa6 Qxa6 23. g4 Qc6 24. Bd5 Qa6 25. Qxh1 Ra7 26. Be3 Rc7 27. c4
a4 28. Ke2 d6 29. Ra2 Kh8 30. Qe4 f6 31. Qf5 Re7 32. Be4 Kg8 33. Qh7+ Kf7 34.
Bxh6 Rg8 35. Bd5+ Ke8 36. Qxg8+ Kd7 37. Bxg7 Qa7 38. Bxf6 Qg1 39. Rxa4 Qh2+ 40.
Kd1 Qg1+ 41. Kc2 Qf2+ 42. Kb3 Qxf6 43. Ra7# 1-0